000 00494nam a2200169Ia 4500
008 140626s9999 xx 000 0 und d
100 _aHill.
245 _aUsing a microcoded data path to introduce the data path and controller paradigm /
_cHill.
260 _cc2011.
300 _a2 : 1, page 66
440 _aComputers in Education Journal
521 _aIT
650 _aController paradigm.
650 _aIntroduction of data path.
650 _aMicrocoded data path.
942 _cSE
999 _c120900
_d120900